| 000 | 00794nam a22002537a 4500 | ||
|---|---|---|---|
| 005 | 20150520124944.0 | ||
| 010 | _aENG-112581 | ||
| 020 |
_a9789381904886 _c820.00 |
||
| 035 | _aEN-96113 | ||
| 037 | _bDBAD/PUB | ||
| 082 | _a520 | ||
| 100 | _aSachdeva, G.S. | ||
| 245 | 0 | 0 |
_aOuter space : _cby G.S. Sachdeva _blaw, policy and governance / |
| 260 |
_aNew Delhi _bKW Publishers _c2014 |
||
| 270 |
_a4676/21, First Floor, Ansari Road, Daryaganj, _bNew Delhi _e110002 |
||
| 300 |
_axvi,256p. _c24cm(Hb) |
||
| 500 | _a Includes bibliographical references and index. | ||
| 650 | _a Outer space. | ||
| 650 | _aSpace law. | ||
| 650 |
_a Space law _zIndia. |
||
| 650 | _a Astronautics and state. | ||
| 650 |
_aAstronautics and state _zIndia. |
||
| 942 |
_2ddc _cEN _mSAC _h520 |
||
| 999 |
_c92742 _d92742 |
||